[Event "4th Orense it"]
[Site "Orense ESP"]
[Date "1975.01.26"]
[Round "10"]
[White "Cardoso, Rodolfo Tan"]
[Black "Garcia Gonzales, Guillermo"]
[Result "1/2-1/2"]
[WhiteElo "2410"]
[BlackElo "2485"]
[EventDate "1975.01.16"]
[PlyCount "58"]

1.e4 e5 2.Nf3 d6 3.d4 Nd7 4.Bc4 c6 5.c3 Qe7 6.O-O h6 7.dxe5 dxe5 8.a4 Ngf6
9.Nbd2 a5 10.b3 Qd8 11.Qc2 Be7 12.Rd1 O-O 13.Nf1 Qc7 14.Ng3 Nb6 15.Be2 Re8
16.Nh4 Be6 17.Nhf5 Bf8 18.c4 Nbd7 19.Rd3 Nc5 20.Rf3 Bxf5 21.Rxf5 Ne6 22.
Rxf6 gxf6 23.Nh5 Bg7 24.Qc3 Nf4 25.Qf3 Nxh5 26.Qxh5 Rad8 27.Be3 Rd4 28.
Bxd4 exd4 29.Bd3 Qe5 1/2-1/2

[Event "4th Orense it"]
[Site "Orense ESP"]
[Date "1975.01.26"]
[Round "10"]
[White "Diez del Corral Rivas, Jesus Maria"]
[Black "Tarjan, James Edward"]
[Result "1/2-1/2"]
[WhiteElo "2515"]
[BlackElo "2480"]
[EventDate "1975.01.16"]
[PlyCount "83"]

1.d4 Nf6 2.c4 g6 3.Nc3 d5 4.Nf3 Bg7 5.Qb3 dxc4 6.Qxc4 O-O 7.e4 Bg4 8.Be3 
Nfd7 9.Rd1 Nc6 10.Be2 Nb6 11.Qc5 Qd6 12.h3 Bxf3 13.gxf3 Rfd8 14.d5 Ne5 15.
Qb5 c6 16.Qb3 cxd5 17.Nxd5 Nxd5 18.Rxd5 Qc7 19.O-O e6 20.Rxd8+ Rxd8 21.Rd1
Rxd1+ 22.Qxd1 Nc6 23.Qd2 e5 24.Qd5 Nd4 25.Bxd4 exd4 26.Bc4 h5 27.b3 Qf4 
28.Kg2 Be5 29.h4 g5 30.Qd8+ Kg7 31.hxg5 h4 32.Qd7 Qxg5+ 33.Kh3 Qf4 34.Qg4+
Qxg4+ 35.fxg4 Kg6 36.Kxh4 Bf4 37.Kh3 f6 38.Kg2 Kg5 39.Kf3 Be5 40.Be6 b6 
41.Ke2 Kf4 42.Bf5 1/2-1/2

[Event "4th Orense it"]
[Site "Orense ESP"]
[Date "1975.01.26"]
[Round "10"]
[White "Durao, Joaquim Manuel"]
[Black "Rodriguez Vargas, Orestes"]
[Result "1/2-1/2"]
[WhiteElo "2350"]
[BlackElo "2435"]
[EventDate "1975.01.16"]
[PlyCount "33"]

1.e4 c5 2.Nf3 Nc6 3.d4 cxd4 4.Nxd4 g6 5.c4 Nf6 6.f3 Nxd4 7.Qxd4 d6 8.Be3 
Bg7 9.Nc3 O-O 10.Qd2 Qa5 11.Rc1 Be6 12.b3 Rfc8 13.Be2 a6 14.Nd5 Qxd2+ 15.
Kxd2 Nxd5 16.cxd5 Bd7 17.Rxc8+ 1/2-1/2

[Event "4th Orense it"]
[Site "Orense ESP"]
[Date "1975.01.26"]
[Round "10"]
[White "Hernando Pertierra, Jose Carlos"]
[Black "Keene, Raymond Dennis"]
[Result "0-1"]
[WhiteElo "2200"]
[BlackElo "2505"]
[EventDate "1975.01.16"]
[PlyCount "100"]

1.Nf3 Nf6 2.c4 g6 3.Nc3 Bg7 4.d4 d6 5.h3 O-O 6.Bf4 Nbd7 7.e3 e6 8.Be2 Qe7 
9.O-O b6 10.a4 a5 11.Qb1 Bb7 12.Re1 Nh5 13.Bh2 f5 14.Nd2 Nhf6 15.b4 g5 16.
Nb5 Ne4 17.Nxe4 Bxe4 18.Qb3 Nf6 19.c5 Bd5 20.cxd6 cxd6 21.Bc4 Bxc4 22.Qxc4
Rfc8 23.Qb3 d5 24.Nd6 Rc6 25.bxa5 bxa5 26.Nb7 Ne4 27.Rec1 Rxc1+ 28.Rxc1 
Qb4 29.Qxb4 axb4 30.a5 Nc3 31.Kf1 Bf8 32.Bd6 Bxd6 33.Nxd6 Rxa5 34.Nb7 Rb5 
35.Nc5 b3 36.Nd3 Na4 37.Ke1 Nb6 38.Kd2 Kf8 39.Rb1 Ke7 40.Nc5 Nc4+ 41.Kc3 
b2 42.Nb3 g4 43.h4 g3 44.fxg3 Kf6 45.Re1 Kg6 46.g4 fxg4 47.e4 Rxb3+ 48.
Kxb3 b1=Q+ 49.Rxb1 Nd2+ 50.Kc2 Nxb1 0-1

[Event "4th Orense it"]
[Site "Orense ESP"]
[Date "1975.01.26"]
[Round "10"]
[White "Larsen, Bent"]
[Black "Gheorghiu, Florin"]
[Result "1-0"]
[WhiteElo "2625"]
[BlackElo "2540"]
[EventDate "1975.01.16"]
[PlyCount "131"]

1.e4 c5 2.Nf3 e6 3.Nc3 a6 4.d4 cxd4 5.Nxd4 Qc7 6.g3 Bb4 $1 7.Ne2 Nf6 8.Bg2
Be7 $1 9.O-O Nc6 10.b3 ( 10.h3 ) 10...O-O 11.Bb2 Rd8 12.Qd2 b5 13.Nd5 $5 
exd5 14.exd5 Bb7 15.dxc6 dxc6 16.Qf4 Bd6 17.Qf5 Bc8 18.Qg5 h6 19.Qc1 Re8 
20.Qd2 Bg4 ( 20...Ne4 $11 ) 21.Bxf6 Bxe2 22.Rfe1 Bh5 23.Bc3 Rxe1+ 24.Rxe1 
a5 25.h4 b4 26.Bb2 Rd8 27.Qd4 Bf8 28.Qc4 Qd6 29.Bc1 Bg6 30.Be3 c5 31.Bf3 
Qe5 32.Kg2 Qf5 33.h5 Bh7 34.Rc1 Qe5 35.c3 Bd3 ( 35...Rd3 36.cxb4 Rxe3 $1 
37.fxe3 Bd6 $44 ) 36.Qf4 Qxf4 37.Bxf4 Rc8 38.c4 Bf5 39.Rd1 a4 40.g4 Bc2 
41.Rd7 axb3 42.axb3 Bxb3 43.Bd5 Ba4 44.Bxf7+ Kh8 45.Ra7 Be8 46.Be6 Bc6+ 
47.f3 Re8 48.Bf5 Kg8 49.Ra6 Re2+ ( 49...Bb7 ) 50.Kg3 Be8 51.Ra8 b3 52.Be4 
b2 53.Rb8 Bf7 54.Bd3 Re8 55.Rxe8 Bxe8 56.Be5 Be7 57.Bxb2 Bf7 58.Be5 Bf6 
59.Kf4 Be6 60.Bd6 Bd4 61.Be5 Bf2 62.Ke4 Bh4 63.Be2 Be7 64.Bc7 Kf7 65.Ke5 
Bc8 66.Bd3 1-0

[Event "4th Orense it"]
[Site "Orense ESP"]
[Date "1975.01.26"]
[Round "10"]
[White "Ljubojevic, Ljubomir"]
[Black "Bellon Lopez, Juan Manuel"]
[Result "1-0"]
[WhiteElo "2615"]
[BlackElo "2415"]
[EventDate "1975.01.16"]
[Annotator "Kurajica,Bojan"]
[PlyCount "65"]

{[Inf 19/304]} 
1.e4 c5 2.Nf3 g6 3.d4 Bg7 ( 3...cxd4 4.Qxd4 Nf6 5.e5 Nc6 6.Qa4 Nd5 7.Qe4 
$14 ) 4.c4 ( 4.Nc3 ) 4...Qa5+ $6 5.Bd2 Qb6 6.Bc3 Nf6 $6 ( 6...cxd4 7.Bxd4 
Bxd4 8.Qxd4 Qxd4 9.Nxd4 Nc6 ) 7.d5 $1 O-O 8.Nbd2 d6 9.Be2 e5 10.O-O Qd8 
11.Ne1 Bh6 12.Qc2 Nbd7 13.g3 $16 Nh5 $2 14.Bxh5 gxh5 15.Ng2 Nf6 16.Nf3 Bh3
17.Nfh4 Bg5 18.f4 Bxh4 19.Nxh4 $1 Ng4 ( 19...Bxf1 20.Rxf1 Nd7 21.Qe2 $16 )
20.Nf5 f6 21.a4 a5 $6 22.Rf3 Qc7 23.Nh4 Rf7 24.Bd2 Kf8 $2 ( 24...exf4 $142
) 25.f5 $18 Ke7 26.Rb3 Rg7 27.Qd1 b6 28.Qe1 Rag8 29.Kh1 Qd7 30.Raa3 ( 30.
Nf3 ) 30...Qa7 31.Rb5 Rb8 32.Nf3 h4 33.Ng1 1-0

[Event "4th Orense it"]
[Site "Orense ESP"]
[Date "1975.01.26"]
[Round "10"]
[White "Quinteros, Miguel Angel"]
[Black "Lombardy, William James"]
[Result "1-0"]
[WhiteElo "2505"]
[BlackElo "2515"]
[EventDate "1975.01.16"]
[PlyCount "147"]

1.Nf3 Nf6 2.c4 g6 3.d4 Bg7 4.g3 O-O 5.Bg2 d6 6.Nc3 Nbd7 7.O-O e5 8.e4 c6 
9.h3 a5 10.Be3 a4 11.Qc2 Qa5 12.Rab1 Qb4 13.b3 axb3 14.axb3 exd4 15.Nxd4 
Nc5 16.Bd2 Qb6 17.Be3 Qb4 18.Bd2 Qb6 19.Nde2 Na6 20.Be3 Qc7 21.Qd2 Re8 22.
Bf4 Bf8 23.Nd4 Nd7 24.Rfd1 Ne5 25.Be3 Nc5 26.f4 Ned7 27.Bf2 Nf6 28.Qc2 h5 
29.b4 Ne6 30.Nde2 Ng7 31.Bd4 Nd7 32.Bf2 Nf6 33.Qd3 Be6 34.Nd4 Bd7 35.Ra1 
Qc8 36.Kh2 Rxa1 37.Rxa1 Qd8 38.Nde2 Be6 39.Nd4 Bd7 40.Nf3 Nh7 41.c5 dxc5 
42.bxc5 Be6 43.Qb1 Qc7 44.Ra7 Rb8 45.e5 Bf5 46.Qb4 Ne6 47.Nh4 Bd3 48.Be4 
Qd7 49.Ra2 Bxe4 50.Nxe4 Qd1 51.Nd6 Be7 52.Rd2 Qf1 53.Ng2 h4 54.g4 Ra8 55.
Ne3 Qc1 56.Rc2 Qa1 57.Qxb7 Bxd6 58.cxd6 Nhg5 59.Qxc6 Nxf4 60.d7 Kh7 61.
Bxh4 Ngxh3 62.Qh1 Qxe5 63.Qxa8 Ne2+ 64.Kxh3 Qxe3+ 65.Kg2 Qg1+ 66.Kf3 Nd4+ 
67.Ke4 Nxc2 68.d8=Q Qe3+ 69.Kd5 Qd4+ 70.Kc6 Nb4+ 71.Kb5 Qb2 72.Bf6 Qe2+ 
73.Kxb4 Qxg4+ 74.Qd4 1-0

[Event "4th Orense it"]
[Site "Orense ESP"]
[Date "1975.01.28"]
[Round "11"]
[White "Bellon Lopez, Juan Manuel"]
[Black "Quinteros, Miguel Angel"]
[Result "0-1"]
[WhiteElo "2415"]
[BlackElo "2505"]
[EventDate "1975.01.16"]
[Annotator "Quinteros,Miguel Angel"]
[PlyCount "58"]

1.e4 c5 2.Nf3 d6 3.d4 cxd4 4.Nxd4 Nf6 5.Nc3 a6 6.Bc4 e6 7.Bb3 b5 8.O-O Be7
9.f4 O-O 10.e5 dxe5 11.fxe5 Bc5 ( {Polugaievsky prefiere jugar} 11...Nfd7 
12.Qh5 Nc6 $1 13.Nxc6 Qb6+ 14.Be3 $1 Qxc6 {como en su partida en 
Petr�polis con Gheorghiu, el gran maestro ruso, gran especialista en la 
variante Najdorf, opina que en esta variante las negras tienen buen juego.
} ) 12.Be3 Nfd7 13.Qh5 Bxd4 14.Bxd4 Nc6 15.Be3 $1 $146 {[Bell�n ensaya un 
sacrificio muy interesante. ]} ( {Novedad Te�rica. En el Torneo de Nalinas
(PHI 1973), en mi partida con Ardiansjah, se present� la misma posici�n y 
el jugador indonesio jug�} 15.Rad1 {y despu�s de} 15...Nxd4 16.Rxd4 Qb6 
17.Rf4 Qc5 18.Nd5 $1 {, con} 18...Kh8 $1 {, las negras pudieron parar el 
ataque.} ) 15...Ncxe5 16.Rad1 Bb7 17.Rd4 Ng6 18.a4 $1 ( {Si} 18.Rfd1 Nf6 )
18...Qe7 $1 ( {Las negras entregan el pe�n para activar las operaciones en
el flanco rey y alivian la presi�n blanca. Si} 18...bxa4 $2 19.Bxa4 Nf6 
20.Rxd8 Nxh5 21.Rd7 Bc8 22.Rc7 Nf6 23.Ba7 $1 {, y las blancas dispondr�an 
una posici�n ganadora.} ) 19.axb5 Nf6 20.Qe2 axb5 21.Nxb5 Nd5 22.Bd2 Rfd8 
23.c4 Nc7 $1 24.Rxd8+ Rxd8 25.Nxc7 ( {Si} 25.Ba5 $2 Qg5 $1 ) 25...Qxc7 26.
Bc2 Ne5 {[Despu�s de la partida, varios maestros analizaron esta posici�n 
y concluyeron que los chances t�cticos negros compesaban la desventaja 
posicional de la pareja de alfiles blancos y sus pasados peones en el 
flanco de dama. Bell�n, apurado por tiempo, no acert� la mejor defensa y 
la partida tuvo un r�pido desenlace. ]} 27.Rf4 Ra8 $1 28.b3 Ra1+ 29.Rf1 
Ng4 $1 0-1

[Event "4th Orense it"]
[Site "Orense ESP"]
[Date "1975.01.28"]
[Round "11"]
[White "Garcia Gonzales, Guillermo"]
[Black "Andersson, Ulf"]
[Result "0-1"]
[WhiteElo "2485"]
[BlackElo "2565"]
[EventDate "1975.01.16"]
[PlyCount "54"]

1.c4 Nf6 2.Nc3 e6 3.e4 c5 4.Nf3 Nc6 5.Qe2 d6 6.g3 Be7 7.Bg2 O-O 8.O-O a6 
9.d3 Rb8 10.a4 Nd7 11.Be3 Bf6 12.Qd1 Nde5 13.Ne1 Nd4 14.b4 cxb4 15.Bxd4 
bxc3 16.Rc1 Nc6 17.Bxc3 Bxc3 18.Rxc3 Qa5 19.Rc1 e5 20.Ra1 Nd4 21.Nc2 Bg4 
22.f3 Qc5 23.Nxd4 Qxd4+ 24.Kh1 Bd7 25.Qd2 Rfc8 26.Ra3 Rxc4 27.a5 Rbc8 0-1

[Event "4th Orense it"]
[Site "Orense ESP"]
[Date "1975.01.28"]
[Round "11"]
[White "Gheorghiu, Florin"]
[Black "Durao, Joaquim Manuel"]
[Result "1-0"]
[WhiteElo "2540"]
[BlackElo "2350"]
[EventDate "1975.01.16"]
[PlyCount "53"]

1.d4 e6 2.c4 Nf6 3.Nf3 d5 4.g3 Bb4+ 5.Bd2 Bxd2+ 6.Nbxd2 O-O 7.Bg2 c6 8.O-O
Nbd7 9.Qc2 b6 10.e4 Nxe4 11.Nxe4 dxe4 12.Qxe4 Bb7 13.Rad1 Qc7 14.Ne5 Nxe5 
15.dxe5 Rfd8 16.b4 Rab8 17.c5 bxc5 18.bxc5 Rd5 19.Rfe1 Rxc5 20.Rd6 g6 21.
Qf4 Ba6 22.Red1 Rf8 23.Qf6 Be2 24.Re1 Bc4 25.h4 Qa5 26.Re3 h5 27.g4 1-0

[Event "4th Orense it"]
[Site "Orense ESP"]
[Date "1975.01.28"]
[Round "11"]
[White "Keene, Raymond Dennis"]
[Black "Larsen, Bent"]
[Result "1/2-1/2"]
[WhiteElo "2505"]
[BlackElo "2625"]
[EventDate "1975.01.16"]
[Annotator "Schmidt"]
[PlyCount "95"]

{[Inf 19/84]} 
1.Nf3 d6 2.d4 Nf6 3.c4 Bg4 4.Qb3 Qc8 5.h3 Bxf3 6.Qxf3 g6 7.g3 Bg7 8.Bg2 
Nc6 9.e3 O-O 10.Nc3 e5 11.dxe5 $2 ( 11.d5 $1 ) 11...dxe5 12.Nd5 Nd7 13.h4 
$5 f5 14.e4 Rf7 15.h5 Nd4 ( 15...fxe4 $2 16.Qxe4 Nc5 17.hxg6 $1 Nxe4 18.
gxf7+ Kxf7 19.Bxe4 $44 {->} ) 16.Qd1 Nc5 17.hxg6 hxg6 18.Bg5 Nxe4 $2 ( 
18...Qe6 $2 19.exf5 Qxf5 20.Ne7+ Rxe7 21.Bxe7 Nd3+ 22.Qxd3 Qxd3 23.Bd5+ ) 
( 18...Kf8 $1 ) ( 18...fxe4 $1 $17 ) 19.Ne7+ Rxe7 20.Bxe7 Qe6 ( 20...c5 
21.Qc1 $1 ) 21.Ba3 Qxc4 22.Rc1 Qb5 23.Rh4 $1 Rd8 $2 ( 23...Qa5+ 24.Kf1 
Qb5+ $11 ) 24.Rxe4 $1 fxe4 25.Bxe4 Qa5+ 26.Kf1 Bf8 27.Qg4 Qa6+ 28.Kg2 Bxa3
29.bxa3 Qe6 30.Qg5 $6 ( 30.Qh4 Rd7 31.Rh1 $18 ) 30...Rd7 31.Bxg6 $2 ( 31.
Rxc7 $1 Rxc7 32.Qd8+ Kg7 33.Qxc7+ Kf6 34.Qxb7 $16 ) 31...Kf8 ( 31...Qe7 $2
32.Bh7+ Kxh7 33.Rh1# ) 32.Be4 ( 32.Rh1 $4 Qd5+ ) 32...Qe7 33.Qh5 $2 $138 
Qf6 34.Rc5 Rf7 35.f3 Re7 36.Bxb7 c6 37.Ba6 Nf5 38.Bd3 Ne3+ 39.Kf2 e4 40.
Be2 Nd5 41.Rc4 $11 Re6 ( 41...Nf4 $2 42.gxf4 e3+ 43.Kg2 Rg7+ 44.Kh3 Rg6 
45.Qc5+ { f5+-} ) 42.Qh4 e3+ 43.Kg2 Qxh4 $2 ( 43...Qb2 $1 44.Qd8+ $11 )
44.Rxh4 Ke7 45.Rc4 Kd6 46.f4 Re8 47.Rc2 $2 ( 47.Kf3 $1 ) 47...Re4 $1 {[Con
idea de Ta4]} 48.Rc4 ( 48.Rc4 Rxc4 49.Bxc4 Kc5 50.Bxd5 cxd5 51.f5 $11 ) 
1/2-1/2

[Event "4th Orense it"]
[Site "Orense ESP"]
[Date "1975.01.28"]
[Round "11"]
[White "Lombardy, William James"]
[Black "Hernando Pertierra, Jose Carlos"]
[Result "1-0"]
[WhiteElo "2515"]
[BlackElo "2200"]
[EventDate "1975.01.16"]
[PlyCount "61"]

1.d4 Nf6 2.c4 e6 3.Nc3 Bb4 4.e3 O-O 5.Ne2 Re8 6.a3 Bf8 7.Ng3 d6 8.Be2 Nc6 
9.b4 a5 10.b5 Ne7 11.Bb2 Ng6 12.h4 Nd7 13.h5 Nh4 14.Kf1 Qg5 15.Rh2 Nf6 16.
e4 Nd7 17.Nh1 e5 18.g3 exd4 19.Qxd4 Nc5 20.Rd1 Nf5 21.exf5 Bxf5 22.Qf4 Qf6
23.g4 Rxe2 24.Nxe2 Qxb2 25.gxf5 Re8 26.Nhg3 Qb3 27.Qc1 Be7 28.Nd4 Qa4 29.
Kg2 Bg5 30.Qxg5 Qxd1 31.f6 1-0

[Event "4th Orense it"]
[Site "Orense ESP"]
[Date "1975.01.28"]
[Round "11"]
[White "Pomar Salamanca, Arturo"]
[Black "Ljubojevic, Ljubomir"]
[Result "0-1"]
[WhiteElo "2450"]
[BlackElo "2615"]
[EventDate "1975.01.16"]
[Annotator "Kurajica,Bojan"]
[PlyCount "62"]

{[Inf 19/54]} 
1.Nf3 Nf6 2.c4 c5 3.Nc3 e6 ( 3...b6 ) 4.d4 cxd4 5.Nxd4 b6 $5 6.e4 d6 7.g3 
$6 ( 7.Bd3 $142 ) 7...Bb7 8.Bg2 Nbd7 9.O-O Qc7 10.Ndb5 $6 ( 10.b3 ) 10...
Qb8 11.Bf4 Ne5 12.Nd4 a6 ( 12...Nxc4 $4 13.Qa4+ $18 ) 13.Nf3 $6 Be7 14.
Nxe5 dxe5 15.Be3 Bc6 $15 16.Qb3 b5 17.cxb5 axb5 18.Rac1 {[ Nd5]} 18...
Qb7 19.Rfd1 $2 ( 19.f3 ) 19...b4 $19 20.Nd5 exd5 21.exd5 Ba4 22.d6 Qxg2+ 
23.Kxg2 Bxb3 24.axb3 Bd8 25.Bc5 Nd7 26.Bxb4 f6 27.Ra1 Rxa1 28.Rxa1 Kf7 29.
Ra7 Ke6 30.Ba3 Bb6 31.Rb7 Rc8 0-1

[Event "4th Orense it"]
[Site "Orense ESP"]
[Date "1975.01.28"]
[Round "11"]
[White "Rodriguez Vargas, Orestes"]
[Black "Diez del Corral Rivas, Jesus Maria"]
[Result "1-0"]
[WhiteElo "2435"]
[BlackElo "2515"]
[EventDate "1975.01.16"]
[PlyCount "79"]

1.d4 Nf6 2.c4 c5 3.e3 g6 4.Nf3 Bg7 5.Nc3 O-O 6.dxc5 Na6 7.Be2 Nxc5 8.O-O 
d6 9.Nd4 a5 10.b3 Qb6 11.Bd2 e5 12.Ndb5 Bf5 13.f3 Rfd8 14.Kh1 e4 15.f4 h5 
16.Nd4 d5 17.Ncb5 Bg4 18.Be1 Nd3 19.Bh4 a4 20.h3 Bxe2 21.Qxe2 Rac8 22.f5 
dxc4 23.bxc4 Rxc4 24.Rab1 Qa6 25.a3 Rdc8 26.fxg6 fxg6 27.g4 R8c5 28.Bxf6 
Bxf6 29.Qg2 Kh7 30.Qxe4 Rxb5 $4 31.Rxb5 Qxb5 32.Rxf6 Ne5 33.gxh5 Rc1+ 34.
Kh2 Qb1 35.hxg6+ Kg7 36.Qxe5 Rh1+ 37.Kg3 Rg1+ 38.Kh4 Qe1+ 39.Kh5 Qd1+ 40.
Rf3+ 1-0

[Event "4th Orense it"]
[Site "Orense ESP"]
[Date "1975.01.28"]
[Round "11"]
[White "Tarjan, James Edward"]
[Black "Cardoso, Rodolfo Tan"]
[Result "0-1"]
[WhiteElo "2480"]
[BlackElo "2410"]
[EventDate "1975.01.16"]
[PlyCount "68"]

1.e4 c5 2.Nf3 d6 3.d4 cxd4 4.Nxd4 Nf6 5.Nc3 a6 6.Be2 e5 7.Nb3 Be6 8.f4 Qc7
9.g4 b5 10.f5 Bc4 11.g5 b4 12.Bxc4 Qxc4 13.Na5 Qc5 14.Nd5 Nxe4 15.Be3 Qxa5
16.Bb6 Qa4 17.f6 h5 18.Qf3 Nxg5 19.Qf5 Nd7 20.Nc7+ Kd8 21.fxg7 Bxg7 22.
Qxg5+ Bf6 23.Nxa8+ Ke7 24.Qg2 Bh4+ 25.Kd1 b3 26.Be3 Rc8 27.Nb6 Nxb6 28.
Bxb6 bxc2+ 29.Ke2 Qb5+ 30.Kd2 Qxb6 31.Rhg1 Qxb2 32.Rac1 Qd4+ 33.Ke2 Rc3 
34.Qb7+ Ke6 0-1

[Event "4th Orense it"]
[Site "Orense ESP"]
[Date "1975.01.29"]
[Round "12"]
[White "Andersson, Ulf"]
[Black "Tarjan, James Edward"]
[Result "1/2-1/2"]
[WhiteElo "2565"]
[BlackElo "2480"]
[EventDate "1975.01.16"]
[PlyCount "95"]

1.Nf3 Nf6 2.b3 e6 3.Bb2 Be7 4.g3 O-O 5.Bg2 b6 6.c4 Bb7 7.O-O c5 8.Nc3 d6 
9.e3 Nbd7 10.Qe2 Ne4 11.Nxe4 Bxe4 12.d3 Bc6 13.d4 Nf6 14.Rfd1 Qc7 15.Ne1 
Qb7 16.Bxc6 Qxc6 17.Rac1 cxd4 18.Rxd4 Rfd8 19.Ba3 Nd7 20.Rcd1 Nc5 21.Qf3 
Qxf3 22.Nxf3 Rac8 23.Kg2 a6 24.R4d2 Kf8 25.Ne1 Ke8 26.f3 b5 27.cxb5 axb5 
28.Rc2 Ra8 29.Bb4 Ra6 30.Bxc5 dxc5 31.Rxd8+ Kxd8 32.Nd3 Ra3 33.Nxc5 Bxc5 
34.Rxc5 Rxa2+ 35.Kh3 Re2 36.Rxb5 Rxe3 37.Kg4 Ke7 38.h4 Kf6 39.Kf4 Re2 40.
g4 h6 41.h5 e5+ 42.Kg3 g5 43.hxg6 fxg6 44.b4 Rb2 45.Rb6+ Kg5 46.Rb5 Kf6 
47.Rb8 g5 48.Rb6+ 1/2-1/2

[Event "4th Orense it"]
[Site "Orense ESP"]
[Date "1975.01.29"]
[Round "12"]
[White "Diez del Corral Rivas, Jesus Maria"]
[Black "Cardoso, Rodolfo Tan"]
[Result "1/2-1/2"]
[WhiteElo "2515"]
[BlackElo "2410"]
[EventDate "1975.01.16"]
[PlyCount "127"]

1.d4 Nf6 2.c4 e6 3.Nc3 Bb4 4.a3 Bxc3+ 5.bxc3 d5 6.cxd5 exd5 7.e3 Bf5 8.Ne2
O-O 9.Ng3 Bg6 10.f3 c5 11.Bd3 Qa5 12.Bxg6 hxg6 13.Bd2 Qa6 14.Kf2 Nc6 15.
Re1 Rfe8 16.Ra2 Rad8 17.Bc1 cxd4 18.cxd4 b5 19.Rd2 Qb6 20.Kg1 a5 21.Bb2 b4
22.a4 Nh7 23.Qb3 Ng5 24.Red1 Kh7 25.h4 Ne6 26.h5 gxh5 27.Qd3+ Kg8 28.Nxh5 
Ne7 29.Kf2 Ng5 30.Ng3 g6 31.Rc2 Ne6 32.Rc5 Nxc5 33.dxc5 Qxc5 34.Ne4 dxe4 
35.Qxd8 Qc6 36.Rd7 Qc8 37.Qxc8 Nxc8 38.Bf6 exf3 39.gxf3 g5 40.Rd5 Re6 41.
Rxg5+ Kh7 42.Bd4 Nb6 43.Rxa5 b3 44.f4 Nc4 45.Rf5 Nd6 46.Rh5+ Kg6 47.Rg5+ 
Kh6 48.Rg8 Nf5 49.Kf3 Nxd4+ 50.exd4 Rb6 51.Rg1 b2 52.Rb1 f5 53.Ke3 Kh5 54.
Kd3 Kg4 55.Kc3 Kxf4 56.Rxb2 Ra6 57.Ra2 Ke3 58.Kc4 f4 59.d5 f3 60.Kb5 Rf6 
61.a5 f2 62.Rxf2 Rxf2 63.d6 Rf5+ 64.Kb6 1/2-1/2

[Event "4th Orense it"]
[Site "Orense ESP"]
[Date "1975.01.29"]
[Round "12"]
[White "Durao, Joaquim Manuel"]
[Black "Keene, Raymond Dennis"]
[Result "1/2-1/2"]
[WhiteElo "2350"]
[BlackElo "2505"]
[EventDate "1975.01.16"]
[PlyCount "97"]

1.e4 g6 2.d4 Bg7 3.Nc3 d6 4.Be3 a6 5.Qd2 b5 6.f3 Nd7 7.Nh3 c6 8.a4 Bb7 9.
Be2 Ngf6 10.O-O O-O 11.Nf2 Qc7 12.Nd3 Rfd8 13.axb5 cxb5 14.Rfc1 Nb6 15.b3 
e5 16.d5 Nfd7 17.Nd1 Nc5 18.N3b2 f5 19.b4 Ncd7 20.c4 bxc4 21.Nxc4 Nxc4 22.
Rxc4 Qb8 23.Rac1 Nf6 24.Nc3 Rc8 25.Na4 Rxc4 26.Rxc4 Qd8 27.Nb6 Rb8 28.Qc2 
Bh6 29.Bf2 f4 30.Rc7 g5 31.Qc4 Bf8 32.Bd1 Be7 33.Ba4 Kf8 34.Nd7+ Nxd7 35.
Rxd7 Qc8 36.Rc7 Qd8 37.Bb6 Rc8 38.Rxc8 Qxc8 39.Qxc8+ Bxc8 40.Bc7 h5 41.h3 
Kf7 42.Kf1 g4 43.hxg4 hxg4 44.Ke2 Kf6 45.Bb6 Bf8 46.Kd2 Ke7 47.Bc6 gxf3 
48.gxf3 Bh3 49.Ke2 1/2-1/2

[Event "4th Orense it"]
[Site "Orense ESP"]
[Date "1975.01.29"]
[Round "12"]
[White "Hernando Pertierra, Jose Carlos"]
[Black "Bellon Lopez, Juan Manuel"]
[Result "0-1"]
[WhiteElo "2200"]
[BlackElo "2415"]
[EventDate "1975.01.16"]
[PlyCount "82"]

1.Nf3 g6 2.d4 Bg7 3.Bf4 c5 4.c3 Qb6 5.Qd2 Nf6 6.e3 d6 7.Na3 O-O 8.Be2 Nbd7
9.O-O Nh5 10.d5 Ndf6 11.Nc4 Qc7 12.a4 b6 13.Ne1 Ba6 14.Nc2 Qd7 15.Qd3 Bxc4
16.Qxc4 Qf5 17.Rfd1 a6 18.Na3 b5 19.axb5 axb5 20.Nxb5 Rxa1 21.Rxa1 Nxf4 
22.exf4 Nxd5 23.Bd3 Nb6 24.Qe4 Qxe4 25.Bxe4 d5 26.Bf3 Rb8 27.Ra7 e6 28.b3 
c4 29.b4 Nc8 30.Rc7 Bf6 31.f5 gxf5 32.Bh5 Rxb5 33.Rxc8+ Kg7 34.Rc7 Bxc3 
35.f4 Bxb4 36.Bxf7 Rc5 37.Rb7 c3 38.Be8+ Kf8 39.Ba4 Rc4 40.Rb8+ Ke7 41.
Rb7+ Kf6 0-1

[Event "4th Orense it"]
[Site "Orense ESP"]
[Date "1975.01.29"]
[Round "12"]
[White "Larsen, Bent"]
[Black "Lombardy, William James"]
[Result "1/2-1/2"]
[WhiteElo "2625"]
[BlackElo "2515"]
[EventDate "1975.01.16"]
[PlyCount "130"]

1.c4 e5 2.Nc3 Nf6 3.Nf3 Nc6 4.d3 Bb4 5.Bd2 O-O 6.e3 Re8 7.Be2 Bf8 8.a3 d6 
9.b4 Ne7 10.O-O Ng6 11.Qc2 Bf5 12.Ne4 c6 13.Bc3 d5 14.Ng3 Bd7 15.Qb2 Bd6 
16.d4 e4 17.Ne5 Be6 18.c5 Bxe5 19.dxe5 Nd7 20.f4 exf3 21.gxf3 Bh3 22.f4 
Bxf1 23.Rxf1 f6 24.e6 Rxe6 25.f5 Rxe3 26.fxg6 hxg6 27.Bd4 Re7 28.Bd3 Qe8 
29.Qc2 Nf8 30.h4 Re1 31.h5 gxh5 32.Qg2 Rxf1+ 33.Kxf1 Ne6 34.Nf5 Qd7 35.Be3
Ng5 36.Bxg5 fxg5 37.Qxg5 Qf7 38.Kg2 Qf6 39.Qxf6 gxf6 40.Nd6 Rb8 41.Kg3 Kf8
42.Kh4 Ke7 43.Bf5 b6 44.Bh3 bxc5 45.bxc5 Rb3 46.Nf5+ Kd8 47.Nd4 Rxa3 48.
Nxc6+ Kc7 49.Ne7 Rxh3+ 50.Kxh3 d4 51.Kg3 h4+ 52.Kf3 h3 53.Kg3 d3 54.Nd5+ 
Kd7 55.c6+ Kxc6 56.Nb4+ Kc5 57.Nxd3+ Kd4 58.Nb4 Ke4 59.Nc6 f5 60.Nxa7 f4+ 
61.Kxh3 Ke3 62.Nc6 f3 63.Ne5 f2 64.Ng4+ Ke2 65.Nxf2 Kxf2 1/2-1/2

[Event "4th Orense it"]
[Site "Orense ESP"]
[Date "1975.01.29"]
[Round "12"]
[White "Ljubojevic, Ljubomir"]
[Black "Garcia Gonzales, Guillermo"]
[Result "1-0"]
[WhiteElo "2615"]
[BlackElo "2485"]
[EventDate "1975.01.16"]
[PlyCount "111"]

1.e4 e5 2.Nf3 Nc6 3.Bb5 a6 4.Ba4 d6 5.c4 Bd7 6.Nc3 Nge7 7.d3 h6 8.Be3 g6 
9.d4 exd4 10.Bxd4 Nxd4 11.Qxd4 Rg8 12.Bxd7+ Qxd7 13.O-O Bg7 14.Qe3 O-O-O 
15.Rac1 Kb8 16.b4 Rge8 17.b5 axb5 18.cxb5 d5 19.Rfd1 Nf5 20.Qd3 Bxc3 21.
Qxc3 Rxe4 22.Ne5 Rxe5 23.Qxe5 Qd6 24.Qxd6 Rxd6 25.a4 c6 26.Kf1 Ng7 27.bxc6
bxc6 28.Rb1+ Ka7 29.a5 Ne6 30.Rb6 d4 31.Rc1 Nd8 32.Ke2 Rd5 33.Kd3 Rxa5 34.
Rbb1 c5 35.Kc4 Ne6 36.Ra1 Rxa1 37.Rxa1+ Kb7 38.Re1 Kc6 39.Re5 Kd6 40.Rd5+ 
Kc6 41.g3 Kc7 42.f4 Kc6 43.f5 Ng5 44.Rxc5+ Kd6 45.Rd5+ Ke7 46.fxg6 fxg6 
47.Rxd4 Kf6 48.Kd5 h5 49.Rf4+ Kg7 50.h4 Nf7 51.Ke6 Nd8+ 52.Kd7 Nf7 53.Ke7 
Ne5 54.Ke6 Ng4 55.Rf7+ Kh6 56.Re7 1-0

[Event "4th Orense it"]
[Site "Orense ESP"]
[Date "1975.01.29"]
[Round "12"]
[White "Quinteros, Miguel Angel"]
[Black "Pomar Salamanca, Arturo"]
[Result "1/2-1/2"]
[WhiteElo "2505"]
[BlackElo "2450"]
[EventDate "1975.01.16"]
[PlyCount "59"]

1.Nf3 Nf6 2.g3 b6 3.Bg2 Bb7 4.O-O e6 5.d3 d5 6.Nbd2 Nbd7 7.b3 Bd6 8.Bb2 
Qe7 9.a3 h5 10.h4 Ng4 11.e4 O-O-O 12.Qe2 f6 13.d4 dxe4 14.Nxe4 g5 15.Rae1 
Rde8 16.hxg5 h4 17.Nxh4 fxg5 18.Nxd6+ cxd6 19.Bxb7+ Kxb7 20.Nf3 d5 21.Kg2 
Ndf6 22.Rh1 Ne4 23.Ne5 Ngxf2 24.Qb5 Qc7 25.Rxh8 Rxh8 26.Qd7 Qxd7 27.Nxd7 
Rh3 28.Rxe4 dxe4 29.Bc1 Rh7 30.Nf6 1/2-1/2

[Event "4th Orense it"]
[Site "Orense ESP"]
[Date "1975.01.29"]
[Round "12"]
[White "Rodriguez Vargas, Orestes"]
[Black "Gheorghiu, Florin"]
[Result "1/2-1/2"]
[WhiteElo "2435"]
[BlackElo "2540"]
[EventDate "1975.01.16"]
[PlyCount "84"]

1.d4 Nf6 2.Nf3 c5 3.e3 g6 4.c4 Bg7 5.Nc3 O-O 6.Be2 d5 7.dxc5 Qa5 8.O-O 
dxc4 9.e4 Nc6 10.Bxc4 Qxc5 11.Be2 Be6 12.Qa4 Qb4 13.Qxb4 Nxb4 14.Nd4 Bg4 
15.h3 Bxe2 16.Ndxe2 Rfd8 17.a3 Nd3 18.Rd1 a6 19.f4 Nc5 20.Rxd8+ Rxd8 21.e5
Nfe4 22.Be3 f6 23.exf6 exf6 24.f5 Nb3 25.Rf1 Nd6 26.Rd1 Nf7 27.Nd5 Re8 28.
Ng3 Kh8 29.Kf2 Ne5 30.Nc7 Rc8 31.Ne6 Bf8 32.Ne4 Be7 33.fxg6 hxg6 34.Nd4 
Nc5 35.Nxc5 Rxc5 36.Ke2 Nc4 37.Bc1 b5 38.b3 Nxa3 39.Kd3 b4 40.Bb2 Kg8 41.
Re1 Kf7 42.Re6 Nb5 1/2-1/2